000 00628nam a2200181Ia 4500
008 000000[2000?] it d 0000000000eng00
090 _aPSP02 L66i
100 1 _aLópez de Castro, Irene
_d1967
245 1 0 _aIrene López de Castro [Disco compacto]
264 _aSan Miniato : Casa D ́Arte San Lorenzo
300 _a1 CD ROM bajo Winodws ; 12 cm.
505 _a16 imágenes de sus pinturas
600 0 0 _aLOPEZ DE CASTRO, IRENE, 1967/
_xTRABAJOS PICTORICOS
650 1 4 _aARTE CONTEMPORANEO ESPAÑOL CDROM
650 1 4 _aPINTORES ESPAÑOLES CDROM
650 1 4 _aPINTURA ESPAÑOLA CDROM
999 _c8802
_d8802
260 _c2000